000 02609nam0a2200397 4500
001 RU\NLR\BIBL_A\022625970
005 20260420053646.0
010 _a978-5-907961-60-9
_930
021 _aRU
_bКН-П-25-045612
_9КН-П-25-4429
035 _a(NLR Aleph) 022625970
090 _a13684547
_c13684547
100 _a20250919d2025 u y0rusy50 ca
101 0 _arus
102 _aRU
105 _aac acg 000yb
181 0 _ai
_baxxe
182 0 _an
200 1 _aИрина Дмитриевна Свистова
_eбиобиблиографический указатель
_fМинистерство просвещения Российской Федерации, Федеральное государственное бюджетное образовательное учреждение высшего образования "Воронежский государственный педагогический университет", Фундаментальная библиотека
_gсоставитель: Е. В. Алейкина
_gнаучный редактор: профессор С. В. Корнев
203 _aТекст
_bвизуальный
_cнепосредственный
210 _aВоронеж
_cВоронежский государственный педагогический университет
_d2025
215 _a71, [1] с., [4] л. цв. ил., портр.
_cцв. портр.
_d21
225 1 _aСерия "Ученые Воронежского государственного педагогического университета"
320 _aИмен. указ.: с. 70–71
600 1 _aСвистова
_bИ. Д.
_f1955
_gИрина Дмитриевна
_jБиобиблиография
_92681143
_3RU\NLR\AUTH\6601761354
686 1 _aЕ.д(2)Свистова.я1
686 1 _aП03(2)Свистова.я1
702 1 _aСвистова
_bИ. Д.
_f1955-
_gИрина Дмитриевна
_4280
702 1 _aАлейкина
_bЕ. В.
_gЕлена Валерьевна
_4220
702 1 _4340
_aКорнев
_bС. В.
_cд-р физ.-мат. наук
_f1978-
_gСергей Викторович
_9129602
_3RU\NLR\AUTH\770129633
712 0 2 _4570
_aВоронежский государственный педагогический университет
_bФундаментальная библиотека
_9753803
_3RU\NLR\AUTH\8810128383
942 _cBOOK
980 _aNB